|
|
|
|
| LEADER |
00000nam a2200000 a 4500 |
| 001 |
vtls001276764 |
| 003 |
SK-MaSNL |
| 005 |
20260302025613.0 |
| 008 |
180815s1985 xo y 0 slo |
| 035 |
|
|
|a SNK000228016
|
| 040 |
|
|
|a SNK
|b slo
|c SNK
|e AACR2
|
| 041 |
0 |
|
|a slo
|
| 044 |
|
|
|a xo
|c SK
|
| 080 |
|
|
|a 727.1
|2 1981
|
| 110 |
0 |
|
|a Projektový ústav kultúry (Bratislava, Slovensko)
|4 aut
|9 36409
|
| 245 |
1 |
|
|a Integrované kultúrne stredisko pre okruh 20 000 obyvateľov. Typizačná smernica
|c [spracovateľ: Projektový ústav kultúry, Bratislava] ; [riešiteľ úlohy: I. Dráč]
|
| 260 |
|
|
|a Bratislava
|b [Min. kultúry SSR]
|c 1985
|
| 300 |
|
|
|a 137 s.
|c 30 cm
|e 10 výkresov
|
| 650 |
0 |
7 |
|a strediská kultúrne
|x smernice typizačné
|x štúdie
|2 SNK
|9 675135
|
| 700 |
1 |
|
|a Dráč, Igor
|4 aut
|9 433807
|
| 958 |
|
|
|a OND
|
| 999 |
|
|
|c 1044751
|d 1046681
|
| 952 |
|
|
|t P60, <03>, [BOOK], {603}
|a SNK
|b SNK
|y PREZ
|7 0
|p 17A0032649
|o snkSB 56754
|i snkD 287/97
|0 0
|1 0
|4 0
|d 1997-02-19
|f 1
|l 0
|r 2025-04-02 00:00:00
|w 2026-02-24
|
| 952 |
|
|
|t Príloha: 10 schém
|a SNK
|b SNK
|y PREZ
|7 0
|p 17A1021271
|o snkSB 56754/príl.
|i snkD 287/97
|8 1
|3 Príloha: 10 schém
|0 0
|1 0
|4 0
|d 2012-12-19
|f 1
|l 0
|r 2025-04-02 00:00:00
|w 2026-02-24
|